000 00613nam a2200169 4500
001 138514
003 ES-MaACL
005 20230906195559.0
007 t|
008 070214s1945 sp r ||||1| spa d
100 1 _aSan Miguel de la Cámara, Maximino.
_9102284
245 1 0 _aEstudio de los minerales petrográficos /
_cpor Maximino San Miguel de la Cámara y Pablo Martínez Strong.
260 _aMadrid :
_b[s. n.],
_c1945 (
_fS. Aguirre)
300 _aVII, 1 h., 290 p., IV, XI lám. :
_bil. ;
_c25 cm +
_e1 gráf. pleg.
700 1 _aMartínez Strong, Pablo.
_978439
852 _aES-MaACL
_jB-10710
_bR.24421
999 _c138514
_d138514